000 00541nam a2200181 4500
999 _c172127
_d172127
005 20210302130029.0
010 _aEN-127593
020 _c599.00
_a9789351952817
035 _aEN-111125
037 _bDBAD/PUB
082 _aN
100 _aBhaskar, Dharini
245 _aThese Our Bodies Possessed by light/
_bby Dharini Bhaskar
260 _aGurugram
_bHachette Book Publishing
_c2019
270 _a4th & 5th Floors, Corporate Centre, Plot no 094, Sec44,
_bGurugram
_e122003
300 _a328p.
_c23cm(hbk)
942 _2ddc
_cEN
_hN
_mBHA